000
00206 a2200109 4500
020
_a
9780974035314
041
_a
eng
100
_a
Nancy Pearl
245
_a
What Would Dewey Do
942
_c
BK
952
_7
1
999
_c
22703
_d
22703